Cùng luyện viết chữ đẹp lớp 1 đến lớp 6

Spremljeno u:
Bibliografski detalji
Format: Knjiga
Oznake: Dodaj oznaku
Bez oznaka, Budi prvi tko označuje ovaj zapis!
Thư viện lưu trữ: Mạng thư viện Đại học Đà Nẵng
LEADER 00432nam a22001691a 4500
001 000039874
003 16169
005 20160412022658.0
008 160412s0 000
082 |a 4N(TK)740-745 
245 |a Cùng luyện viết chữ đẹp lớp 1 đến lớp 6 
OWN |a LNN 
999 |a From the UDN01 
TYP |a Monograph 
980 |a Mạng thư viện Đại học Đà Nẵng